000 01148aaa a2200241 a 4500
003 BLK
005 20240418151524.0
007 ta
008 221104b bu |||||r|||| 00| | bu d
040 _aBLK
041 _aBUL
_cBUL
080 _aБългарска литература
_b821.163.2
_z821.163.2-1
_x-1
100 _aДимитров, Светлозар Акендиев
_d1905 - 1958
_9279426
245 _aЗов
_cСветлозар Димитров
_bСтихотворение
300 _aХVІІ, № 24, 26 юни 2014, с. 12.
500 _aПсевдоним: Змей Горянин ; Датирано: Монастир „Св. Николай“, с. Кладница, Софийско, 1949 – септември.
653 _9187031
_aЗмей Горянин
773 0 _w291799
_dСБП 1994 София
_x1310-4039
_tСЛОВОТО ДНЕС
_i. //
856 _i0.00
_linternal use only
_fЗов
_qpdf
_uhttp://185.138.176.146:18082/cgi-bin/koha/opac-retrieve-file.pl?id=973207b382d1ad075d720266566a606e
_xebook
_zЗов
942 _2udc
_cSTA
_n0
944 _cМоника Янева
_k30542
_lРусанова Ирена
999 _c502395
_d502395
999 _d502395